000 00799nam a2200253 u 4500
005 20220817104404.0
008 121129s2007 r 000 0 eng d
020 _a9788498263015
035 _aUPN01000188997
049 _aI
050 4 _aPZ74.9
_bR5.36
100 1 _aRistea, María,
_d1957-
_933430
245 1 0 _aCosmin y la perrita Mina =
_bCosmin si càtelusa Mina /
_cMaría Ristea.
260 _aValencia, Esp. :
_bECIR,
_c2007.
300 _a[32] p. :
_bil. col.
440 0 _aMulticolor ;
_v12.
_pPequeños lectores de 6 a 8 años
500 _aBilingüe : Español/Rumano
650 4 _aCuentos infantiles
_96744
650 7 _aAbuelo y niño
_2
_94036
650 4 _aLITERATURA INFANTIL RUMANA
_921845
740 0 _aCosmin si càtelusa Mina
905 _aInfantil
999 _c161100
_d161100